| 000 | 00483nam a22001577a 4500 | ||
|---|---|---|---|
| 005 | 20260330115449.0 | ||
| 008 | 260330b |||||||| |||| 00| 0 eng d | ||
| 020 | _a978- 93- 89166-45-5 | ||
| 100 | _aABDULLAH, ABM | ||
| 245 | _aPRACTICAL STANDARD PRESCRIBER | ||
| 260 |
_aNEW DELHI _bJAYPEE BROTHERS MEDICAL PUBLISHERS _c2020 |
||
| 300 | _aX, 456P. | ||
| 500 | _aINCLUDES INDEX | ||
| 650 | _a1. DRUGS - PRESCRIBING -MORAL AND ETHICAL ASPECTS 2. MEDICAL ETHICS | ||
| 942 |
_2lcc _cBK |
||
| 999 |
_c216896 _d216896 |
||